000 00452nam a22001577a 4500
003 OSt
008 250902b |||||||| |||| 00| 0 eng d
041 _aeng
082 _a320
_bJAL/RA
100 _aJaleel, K. T
_95370
245 _aRashtreeyam parayanullathanu /
_bരാഷ്ട്രീയം പറയാനുള്ളതാണ്
260 _aKozhikode :
_bProgress Books,
_c2023.
300 _a223 p.
650 _aPolitics
_96280
942 _cBK
999 _c19494
_d19494